000 00404nam a2200169Ia 4500
003 GCL
008 140319s9999 xx 000 0 eng d
040 _aGCL /
_cGCL
082 0 4 _a792
_bS T
100 1 _aSMILEY, SAM
245 1 0 _aTHEATRE, THE HUMAN ART /
_cSMILEY, SAM
260 _a[S.N] :
_bHARPO &PUBLISHERS ،
_c1987
300 _a418
650 0 4 _aTHEATER
650 0 4 _aDRAMA
942 _2ddc
_cBK
999 _c17356
_d17356